000 00444nam a2200181Ia 4500
001 4434
003 IN-NITTTR
005 20251114232959.0
008 251113s9999||||xx |||||||||||||| ||eng||
040 _beng
040 _cIN-NITTTR
041 _aeng
082 _a677.02822 M846I
100 _aMorton, W. E.
245 3 _aAn introduction to the study of spinning /
_cMorton, W. E., Wray, G. R.
700 _a Wray, G. R.
942 _2ddc
_cBK
999 _c7070
_d7070